Programming .NET components / (Record no. 180429)
[ view plain ]
| 000 -LEADER | |
|---|---|
| fixed length control field | 01040 a2200229 4500 |
| 003 - CONTROL NUMBER IDENTIFIER | |
| control field | Nust |
| 005 - DATE AND TIME OF LATEST TRANSACTION | |
| control field | 20220822113452.0 |
| 010 ## - LIBRARY OF CONGRESS CONTROL NUMBER | |
| LC control number | 2005284589 |
| 020 ## - INTERNATIONAL STANDARD BOOK NUMBER | |
| International Standard Book Number | 0596007620 (pbk.) |
| 040 ## - CATALOGING SOURCE | |
| Transcribing agency | Nust |
| 082 00 - DEWEY DECIMAL CLASSIFICATION NUMBER | |
| Classification number | 005.2/768 |
| 082 00 - DEWEY DECIMAL CLASSIFICATION NUMBER | |
| Classification number | 005.2768,LOW |
| 100 1# - MAIN ENTRY--PERSONAL NAME | |
| Personal name | Lowy, Juval. |
| 9 (RLIN) | 98286 |
| 245 10 - TITLE STATEMENT | |
| Title | Programming .NET components / |
| Statement of responsibility, etc. | Juval Lowy. |
| 250 ## - EDITION STATEMENT | |
| Edition statement | 2nd ed. |
| 260 ## - PUBLICATION, DISTRIBUTION, ETC. | |
| Place of publication, distribution, etc. | Beijing ; |
| -- | Sebastopol : |
| Name of publisher, distributor, etc. | O'Reilly, |
| Date of publication, distribution, etc. | c2005 |
| 300 ## - PHYSICAL DESCRIPTION | |
| Extent | xviii, 624 p. : |
| Other physical details | ill. ; |
| Dimensions | 24 cm. |
| 505 ## - FORMATTED CONTENTS NOTE | |
| Formatted contents note | Introduction components oriented programming (Page-1), Net component oriented programming essentials (Page-15), Interface Based programming (Page-46), Life cycle management (Page-82), Versioning (Page-102), Events (Page-129), Asynchronous Calls (Page-155), Multi threading and concurrency management (Page-185), Serialization and persistence (Page-281), Remoting (Page-319), Context and Interception (Page-399), Security (Page-434). |
| 650 #0 - SUBJECT ADDED ENTRY--TOPICAL TERM | |
| Topical term or geographic name entry element | Internet programming. |
| 9 (RLIN) | 18035 |
| 650 #0 - SUBJECT ADDED ENTRY--TOPICAL TERM | |
| Topical term or geographic name entry element | Microsoft .NET. |
| 9 (RLIN) | 95866 |
| 942 ## - ADDED ENTRY ELEMENTS (KOHA) | |
| Source of classification or shelving scheme | |
| Koha item type | Book |
| Call number prefix | 005.2768,LOW |
| Withdrawn status | Lost status | Source of classification or shelving scheme | Damaged status | Not for loan | Permanent Location | Current Location | Date acquired | Full call number | Barcode | Date last seen | Price effective from | Koha item type | Public note |
|---|---|---|---|---|---|---|---|---|---|---|---|---|---|
| Military College of Signals (MCS) | Military College of Signals (MCS) | 12/12/2016 | 005.2768,LOW | MCS32632 | 12/08/2016 | 12/12/2016 | Book | Almirah No.5, Shelf No.6 |
